00301nam a2200121Ia 4500008004100000041000800041082001600049100001700065245004500082250001500127260002100142300001600163240624s9999 xx 000 0 und d aeng a025.431 DEW aDEWEY MELVIL aDEWEY DECIMAL CLASSIFICATION AND RELATIV a(22nd ed.) c2003aOhiobOCLC axvi, : 1250